00290nam a2200097Ia 4500008004100000082001200041100003500053245008500088260000900173300001000182190415s9999 xx 000 0 und d aRI.0005 aNational Institute of Urban Af 0aIntegrated Urban Development Programme for metropolitan cities and areas of nati c1983 a189p.